Score 0/24 Timer 03:00
1 Play Today
Full Name Missing Name % Correct
Catherine _____-JonesZeta
92.2%
_____ OnoYoko
90.4%
_____, Warrior PrincessXena
86%
Weird Al _____Yankovic
81.8%
Neil _____Young
73.4%
_____ Saint LaurentYves
72.3%
_____ ArafatYasser
70.3%
Master _____Yoda
66.5%
Renée _____Zellweger
65.3%
_____ DeschanelZooey
64.7%
Frank _____Zappa
61.9%
_____ BleethYasmine
56.1%
Full Name Missing Name % Correct
Kristi _____Yamaguchi
54.3%
Charles _____Xavier
54.3%
Chuck _____Yeager
42.8%
William Butler _____Yeats
41.4%
_____ GreyZane
35.4%
Pia _____Zadora
32.6%
Robert _____Zemeckis
28.9%
_____ LeviZachary
23.8%
_____ LovegoodXenophilius
22.4%
_____ FolliesZiegfeld
21.8%
Deng _____Xiaoping
13.3%
Franco _____Zeffirelli
8.2%

Today's Daily Dose

Missing Word
I Hardly Know Her!

Word Ladder
Sentence Ending

Quick Pick
Female Firsts

Get the Picture
Triathlon Sports

Remove Ads.
Support Sporcle.
Get the best of Sporcle when you Go Orange. This ad-free experience offers more features, more stats, and more fun while also helping to support Sporcle. Thank you for becoming a member.

You're not logged in!

Compare scores with friends on all Sporcle quizzes.
OR
Log In

Show Comments

Extras

Top Quizzes Today


Score Distribution

Your Account Isn't Verified!

In order to create a playlist on Sporcle, you need to verify the email address you used during registration. Go to your Sporcle Settings to finish the process.

Report this User

Report this user for behavior that violates our Community Guidelines.

Details: